| 000 | 00821nam a2200229Ia 4500 | ||
|---|---|---|---|
| 008 | 191130s1994##################000#0#eng## | ||
| 020 | _a9780198204633 | ||
| 022 | _a86008470 | ||
| 040 |
_aACL _cACL |
||
| 082 | _a920 MAT | ||
| 100 | _aMatthew, H. C. G | ||
| 245 |
_aThe Gladstone diaries: with cabinet minutes and prime-ministerial correspondence volume XII: 1887-1891 _cH.C.G. Matthew |
||
| 260 |
_aOxford _bClarendon Press ; Oxford University Press _c1994 |
||
| 300 | _a531p., 24 cm | ||
| 500 | _aIncludes index. Bibliography: p. [249]-258 | ||
| 650 | _aGreat Britain - Politics and government - 1837-1901 | ||
| 650 | _aLiberal Party (Great Britain) - Biography | ||
| 650 | _aPrime ministers - Great Britain - Biography | ||
| 990 | _adca32b71ac10000c2f353beade9bfcde | ||
| 991 | _a120704 | ||
| 999 |
_c50674 _d50674 |
||